000 00702nam a2200205Ia 4500
003 IN-BaIIA
008 211028s9999 xx s 000 0 eng d
020 _a2-86883-928-2 (Online)
022 _a1633-4760 (Print)
022 _a1638-1963 (Online)
040 _cIIA Library
100 _aRieutord, M., ed.
_938154
245 0 _aStellar Fluid Dynamics and Numerical Simulations: From the Sun to Neutron Stars
_h[eBook]
260 _aFrance
_bEDP Sciences
_c2006
300 _aiv, 382p.
490 _aEAS Publications Series
700 _aDubrulle, B., ed.
_938155
856 _uhttps://www.eas-journal.org/articles/eas/abs/2006/04/contents/contents.html
_yClick Here to Access eBook
942 _cEB
999 _c20615
_d20615